[Event "III Weekend Primavera"]
[Site "Genova ITA"]
[Date "2000.03.11"]
[Round "3"]
[White "Lazic, Miroljub"]
[Black "Di Paolo, Raffaele"]
[Result "0-1"]
[WhiteElo "2478"]
[BlackElo "2273"]
[PlyCount "78"]
[EventDate "2000.03.10"]

1. g3 g6 2. Bg2 Bg7 3. d4 d6 4. e4 Nd7 5. Nc3 Ngf6 6. Be3 O-O 7. h3 c5 8. Nge2
cxd4 9. Bxd4 Qa5 10. O-O Ne5 11. Nd5 Nxd5 12. exd5 b5 13. f4 Nd7 14. Bxg7 Kxg7
15. Nd4 Bb7 16. Kh2 Nf6 17. Re1 Rfe8 18. a4 b4 19. Nb3 Qc7 20. Rc1 Qb6 21. Qd2
Rac8 22. g4 h6 23. g5 hxg5 24. fxg5 Nd7 25. a5 Qb5 26. Qd4+ Ne5 27. Rxe5 dxe5
28. Qxe5+ f6 29. Qe6 Rcd8 30. Rf1 Bxd5 31. gxf6+ Kh7 32. Qe5 exf6 33. Qxf6 Bxg2
34. Qf7+ Kh6 35. Rf4 Qh5 36. Kxg2 Re2+ 37. Kg3 Qg5+ 38. Rg4 Qe3+ 39. Qf3 Qg1+
0-1

[Event "III Weekend Primavera"]
[Site "Genova ITA"]
[Date "2000.03.12"]
[Round "5"]
[White "Astengo, Marcello"]
[Black "Laketic, Gojko"]
[Result "0-1"]
[WhiteElo "2032"]
[BlackElo "2456"]
[PlyCount "71"]
[EventDate "2000.03.10"]

1. d4 c6 2. Nf3 d5 3. Bf4 Qb6 4. Qc1 Bf5 5. e3 e6 6. Bd3 Nf6 7. O-O Bg6 8. Nbd2
c5 9. dxc5 Bxc5 10. Nb3 Nc6 11. Bxg6 hxg6 12. c4 Be7 13. Rd1 Rc8 14. cxd5 Nxd5
15. Bg3 O-O 16. Qd2 Bf6 17. e4 Ndb4 18. e5 Be7 19. Qf4 Nxa2 20. Nbd2 Qxb2 21.
Nc4 Qb3 22. Rdb1 Qa4 23. Rb2 Rfd8 24. Nfd2 Ncb4 25. Nd6 Bxd6 26. Rbxa2 Qd7 27.
exd6 Nxa2 28. Rxa2 Rc1+ 29. Nf1 Rdc8 30. Qd2 e5 31. Bxe5 Rxf1+ 32. Kxf1 Qb5+
33. Ke1 Qxe5+ 34. Kf1 Qb5+ 35. Ke1 Re8+ 36. Kd1 0-1